| 000 | 00462nam a2200181Ia 4500 | ||
|---|---|---|---|
| 008 | 240925s9999 xx 000 0 und d | ||
| 020 | _aNA | ||
| 082 | _a370.0255491 TOO | ||
| 100 | _aTooba Advertisers | ||
| 245 | 0 | _aSilver Page: informative educational directory | |
| 250 | _a1st | ||
| 260 |
_aKarachi: _bTooba Advertiser _c,1999. |
||
| 300 |
_a14p. _bNA _fOriginal |
||
| 500 | _aNA | ||
| 600 | _aSocial Sciences | ||
| 650 | _aSocial Sciences | ||
| 942 | _cBK | ||
| 999 |
_c4248 _d4248 |
||